Utah Mammoth Roster 24-25 - Statistics

General Stats
  • This quiz has been taken 31 times
    11 since last reset
  • The average score is 14 of 24
Answer Stats
# Player % Correct
92 Logan Cooley
100%
9 Clayton Keller
89%
11 Dylan Guenther
89%
67 Lawson Crouse
78%
38 Liam O'Brien
78%
98 Mikhail Sergachev
78%
8 Nick Schmaltz
78%
27 Barrett Hayton
67%
28 Ian Cole
67%
70 Karel Vejmelka
67%
15 Alexander Kerfoot
56%
22 Jack McBain
56%
6 John Marino
56%
91 Josh Doan
56%
53 Michael Carcone
56%
2 Olli Määttä
56%
39 Connor Ingram
44%
82 Kevin Stenlund
44%
63 Matias Maccelli
44%
57 Nick DeSimone
44%
50 Sean Durzi
44%
7 Michael Kesselring
33%
17 Nick Bjugstad
22%
41 Robert Bortuzzo
22%
No matching quizzes found
Score Distribution
Percent of People with Each Score
Percentile by Number Answered
Your Score History
You have not taken this quiz since the last reset